National parks and protected areas : (Registro nro. 5025)

Detalles MARC
000 -CABECERA
Campo de control 01163cam a2200289 a 4500
005 - FECHA Y HORA DE LA ULTIMA TRANSACCION
Campo de control 20160112060848.0
008 - ELEMENTOS DE LONGITUD FIJA—INFORMACION GENERAL
Campo de control 960425s1996 mauab b 001 0 eng
020 ## - ISBN
ISBN 0865424969
040 ## - FUENTE DE CATALOGACIÓN
Agencia catalogadora original DLC
Agencia transcriptora DLC
Agencia Modificadora DLC
041 ## - IDIOMA
Código de idioma para texto/pista de sonido o título separado Inglés
043 ## - GEOGRAPHIC AREA CODE
Geographic area code n-us---
-- n-cn---
044 ## - PAÍS DE PUBLICACIÓN
País de publicación Estados Unidos
082 04 - NUMERO DE CLASIFICACION DECIMAL DEWEY
Número de clasificación 333.78316
Número del ítem N27n
245 00 - MENCION DE TITULO
Título National parks and protected areas :
Parte restante del título their role in environmental protection /
Mención de responsabilidad edited by R. Gerald Wright ; consulting editor, John Lemons.
260 ## - PUBLICACION, DISTRIBUCION, ETC. (PIE DE IMPRENTA)
Lugar de publicación, distribución, etc. Cambridge, Mass. :
Nombre del editor, distribuidor, etc. Blackwell Science,
Fecha de publicación, distribución, etc. c1996.
300 ## - DESCRIPCION FISICA
Extensión xvi, 470 páginas :
Otros detalles físicos ilustraciones y mapas ;
Dimensiones 26 cm.
504 ## - NOTA DE BIBLIOGRAFIA, ETC.
Nota de bibliografía Incluye referencias bibliográficas e índice.
650 14 - ASIENTO SECUNDARIO DE MATERIA - TERMINO TEMATICO
Término temático o nombre geográfico como elemento de entrada Parques naturales
Subdivisión general Administración
Subdivisión geográfica Estados Unidos
650 24 - ASIENTO SECUNDARIO DE MATERIA - TERMINO TEMATICO
Término temático o nombre geográfico como elemento de entrada Parques naturales
Subdivisión general Administración
Subdivisión geográfica Canada
650 24 - ASIENTO SECUNDARIO DE MATERIA - TERMINO TEMATICO
Término temático o nombre geográfico como elemento de entrada Parques naturales
Subdivisión general Conservación
650 24 - ASIENTO SECUNDARIO DE MATERIA - TERMINO TEMATICO
Término temático o nombre geográfico como elemento de entrada Áreas de conservación de recursos naturales
650 24 - ASIENTO SECUNDARIO DE MATERIA - TERMINO TEMATICO
Término temático o nombre geográfico como elemento de entrada Conservación del medio ambiente
650 24 - ASIENTO SECUNDARIO DE MATERIA - TERMINO TEMATICO
Término temático o nombre geográfico como elemento de entrada Conservación de los recursos naturales
700 1# - ASIENTO SECUNDARIO - NOMBRE PERSONAL
Nombre personal Wright, R. Gerald.,
Término de relación editor.
700 1# - ASIENTO SECUNDARIO - NOMBRE PERSONAL
Nombre personal Lemons, John.,
Término de relación editor.
942 ## - ELEMENTOS ADICIONALES (KOHA)
Sistema de clasificación Dewey Decimal Classification
Tipo de ítem Libro
Existencias
Withdrawn status Lost status Sistema de Clasificación Damaged status No para préstamo Colección Inventariado Ubicación Permanente Ubicación actual Fecha de adquisición Fuente de Valor Valor Total Checkouts Número topográfico Inventario / Código de Barras Date last seen Ejemplar Price effective from Forma de adquisición Tipo de material
    Dewey Decimal Classification     General Inventariado 2017 Bogotá Bogotá 28/12/2005 Instituto 39000.00   LB-333.78316 N27n 022698 04/12/2012 Ej. 1 04/12/2012 Compra Libro